000
00290nam a22001337a 4500
020
_a
978-0-099-51587-6
082
_a
8223
_b
MER/A
100
_a
MERCURIO, JED
245
_a
AMERICAN ADULTERER
260
_a
LONDON
_b
VINTAGE
300
_a
354
650
_a
NOVEL, ENGLISH
_z
LONDON
942
_c
BK
999
_c
2452
_d
2452